| 000 | 00647cam a22002291 4500 | ||
|---|---|---|---|
| 008 | |||
| 049 | _aMAIN | ||
| 090 | 0 | 0 |
_aQD31 _bAND |
| 100 | 1 | _aAndrews, Donald H. | |
| 245 | 1 | 0 |
_aFundamental chemistry/ _c Donald H. Andrews and Richard J. Kokes. |
| 260 |
_aNew York : _bWiley, _c1962. |
||
| 300 |
_a814 p.: _bill., _c25 cm. |
||
| 500 | _aIncludes index. | ||
| 504 | _aIncludes bibliographical references. | ||
| 650 | 0 | _aChemistry. | |
| 700 | 1 | _aKokes, Richard J. | |
| 907 |
_a.b10222145 _b17-09-12 _c07-12-06 |
||
| 003 | |||
| 005 | 20230123134311.0 | ||
| 040 | _cNUST | ||
| 942 |
_cBOOKS _kQD31 _mAND |
||
| 999 |
_c163496 _d163496 |
||